000 00265nam a2200109Ia 4500
008 190914s9999||||xx |||||||||||||| ||und||
100 _aParag Kulkarni
245 0 _aIT Strategy For Business
260 _aNew Delhi
_bPrentice Hall
_c2006
300 _a273
942 _cBK
999 _c9893
_d9893